No God, no science? : (Record no. 22359)

MARC details
000 -LEADER
fixed length control field 00443cam a2200181 i 4500
020 ## - INTERNATIONAL STANDARD BOOK NUMBER
ISBN 9781405158015 (cloth)
082 00 - DEWEY DECIMAL CLASSIFICATION NUMBER
Classification number 233.7652
Author Cutter HAN
100 1# - MAIN ENTRY--AUTHOR NAME
Author name Hanby, Michael,
245 10 - TITLE STATEMENT
Title No God, no science? :
300 ## - PHYSICAL DESCRIPTION
Number of Pages xviii, 435 pages ;
650 #0 - SUBJECT ADDED ENTRY--TOPICAL TERM
Topical Term Philosophical theology.
650 #0 - SUBJECT ADDED ENTRY--TOPICAL TERM
Topical Term Creationism.
650 #0 - SUBJECT ADDED ENTRY--TOPICAL TERM
Topical Term Evolution (Biology)
650 #0 - SUBJECT ADDED ENTRY--TOPICAL TERM
Topical Term Religion and science.
650 #0 - SUBJECT ADDED ENTRY--TOPICAL TERM
Topical Term Science.
650 #0 - SUBJECT ADDED ENTRY--TOPICAL TERM
Topical Term Philosophy.
942 ## - ADDED ENTRY ELEMENTS (KOHA)
Koha item type Books
Holdings
Home library Current library Shelving location Date acquired Full call number Accession Number Koha item type
Henry Martyn Institute Library Henry Martyn Institute Library General stacks 10/24/2018 233.7652 HAN 11003738 Books
                   Copyright © 2026 | Henry Martyn Institute | Hyderabad | TS-500052 | INDIA | Implemented by hmi.edu.in
Hit-Count:

Powered by Koha